000 01448nam a2200349 i 4500
003 EG-GICUC
005 20260121101632.0
008 260101s2006 ua ||||fr|||| 000 0 ara d
017 _a2006/8221
020 _a977-04-9804-1
040 _a EG-GICUC
_bara
_c EG-GICUC
_d EG-GICUC
_erda
041 _aara
082 0 4 _221
_a345.6044
_bر ف . د
092 0 4 _221
099 _aLaw1 07 345.6044 ر ف . د 2006
100 0 _aرفعت عيد سيد
_eمؤلف.
245 1 0 _aدراسة تحليلية لبعض جوانب القرارات الناشئة عن سكوت الإدارة في فرنسا ومصر :
_bطبقا لأحكام القضاء /
_cدكتور رفعت عيد سيد.
264 1 _aالقاهرة :
_bدار النهضة العربية,
_c2006.
300 _a203 صفحة ؛
_c24 سم
_bإيضاحيات، صور، مثيليات ؛
336 _2rda content
_atext
337 _2rda media
_aComputer
338 _2rda carrier
_aOnline Resource
504 _a. 200-193 ببليوجرافيا: صفحات.
546 _aالنص أغلبه باللغة العربية مع بعض النصوص الفرنسية
650 1 4 _aالقرارت الإدارية
_2qrmak
650 1 4 _aمشروعية القرات الإدارية
_2qrmak
650 1 4 _aأثار القرار الإداري
_2qrmak
651 1 _2qrmak
856 4 0 _uhttps://fll.law.cu.edu.eg/fulltext/bks/B07-02167.pdf
905 _a79
942 _2ddc
_cBK
_e21
_n0
999 _c53672
_d53672